00724nam a2200205Ia 4500003000900000008004100009020001800050040001600068080001900084245009000103260003600193300001000229650003400239650004100273650003600314700002900350942000700379999001500386952011700401IN-BaIIA211028s9999 xx 000 0 eng d a0-8243-0918-9 cIIA Library a(05)52bANN-18 0aAnnual review of astronomy and astrophysicsbvol. 18cedited by Geoffrey R. Burbidge. aPalo AltobAnnual Reviewsc1980 a591p. aAstronomy - Periodicals94087 aAstronomy and Astrophysics Thesaurus aAstrophysics- Periodicals94088 aBurbidge, Geoffrey., ed. cBK c6682d6682 00104070aBANbBANcGENd1980-11-25g88.00l0o(05)52/ ANN-18p7432r2021-11-05v88.00w1980-11-25yBKGRs. 88